| 000 | 00549nam a22001817a 4500 | ||
|---|---|---|---|
| 003 | CEME | ||
| 005 | 20210628205857.0 | ||
| 008 | 210309b xxu||||| |||| 00| 0 eng d | ||
| 020 | _a07-060216-6 | ||
| 040 | _c. | ||
| 082 | _a515.07 SPI'A | ||
| 100 |
_aSpiegel, Murray.R _951 |
||
| 245 | _aTheory and problems of advanced mathematics for engineers and scientists including 950 solved problems | ||
| 260 |
_aNEWYORK _bMCGRAW HILL _c1971 |
||
| 300 | _a407P | ||
| 650 |
_aADVANCED MATHEMATICS FOR ENGINEERS AND SCIENTISTS _977346 |
||
| 942 |
_cBK _2ddc |
||
| 999 |
_c582633 _d582633 |
||